Giáo trình quản lý hành chính nhà nước : Đào tạo công chức hành chính - Ngạch cán sự . t. II
Salvato in:
| Natura: | Sách giấy |
|---|---|
| Lingua: | Vietnamese |
| Pubblicazione: |
Hà Nội :
Lao động ,
1994
|
| Tags: |
Aggiungi Tag
Nessun Tag, puoi essere il primo ad aggiungerne! !
|
| Thư viện lưu trữ: | Thư viện Trường Đại học Đà Lạt |
|---|
| LEADER | 00611nam a2200241 4500 | ||
|---|---|---|---|
| 001 | DLU020015406 | ||
| 005 | ##8/17/2000 | ||
| 020 | # | # | |a 978- |
| 041 | # | # | |a vie |
| 082 | # | # | |a 351 |b HOC |
| 090 | # | # | |a 351 |b HOC |
| 245 | # | # | |a Giáo trình quản lý hành chính nhà nước : |b Đào tạo công chức hành chính - Ngạch cán sự . |n t. II |
| 260 | # | # | |a Hà Nội : |b Lao động , |c 1994 |
| 300 | # | # | |a 560 tr.; |c 19 cm. |
| 992 | # | # | |a 30000 |
| 994 | # | # | |a DLU |
| 900 | # | # | |a False |
| 911 | # | # | |a Administrator |
| 925 | # | # | |a G |
| 926 | # | # | |a A |
| 927 | # | # | |a SH |
| 980 | # | # | |a Thư viện Trường Đại học Đà Lạt |